00955 2200313 4500001002100000005001500021035002000036007000300056008004100059020001800100082000800118084001400126084001600140100003000156245011600186250001200302300003900314650002000353650002400373700003300397700003000430700002900460264005200489336002100541337003000562338002300592990001300615990001300628INLIS00000000112183920251217020808 a0010-1225000019ta251217 0 ind  a9786231539199 a546 aPEKI 4309 aD PEKI 43090 aAhmad MudzakirePengarang1 aKimia Anorganik 2 :b1-9 / PEKI4309 / 3 SKS /cAhmad Mudzakir, Soja Siti Fatimah, Ali Kusridjadi, Hari Sutrisno aEdisi 2 a380 halaman :billustrasi ;c27 cm 4aKimia Anorganik 4aInorganic Chemistry0 aSoja Siti FatimahePengarang0 aAli KusridjadiePengarang0 aHari SutrisnoePengarang aTangerang Selatan :bUniversitas Terbuka,c2025 2rdacontentaTeks 2rdamediaaTanpa Perantara 2rdacarrieraVolume a25/90097 a25/30097